Avions de l'armée de l'air par images - Statistiques

Statistiques générales
  • Ce quiz a été pris 1 800 fois
  • Le résultat moyen est 5 sur 30
Statistiques - réponses
Par images Réponse % Correct
Rafale
98%
Alphajet
59%
A400M
50%
Mirage 2000 D
48%
Mirage 2000 C
45%
A330
34%
Mirage 2000-5
28%
NH90
15%
A340
13%
Pilatus PC21
12%
A310
11%
C-130 Hercules
9%
Xingu
8%
C-160 Transall
5%
A330 Phénix
3%
ALSR
3%
C135FR
3%
E-3F awacs
3%
Rafale F3-R
3%
SA.330 Puma
3%
CN-235 Casa
2%
Drone MQ-9 reaper
2%
EC725 Caracal
2%
Extra 330 c
2%
AS332 Super Puma
1%
AS555 Fennec 2
1%
AS565 Panther
1%
Cirrus SR20 et SR22
1%
CS01
1%
CS02
1%
Aucun quiz correspondant
Distribution des résultats
% des personnes avec chaque résultat
Percentile par nombre de réponses
Votre historique - résultats
Vous n’avez pas pris ce quiz